01367nam a2200289 a 450000100100000000500170001000800410002702000150006804000130008308200200009610000430011624500750015926000460023430000210028049000270030150000700032865000350039865000370043383000340047091000390050404900090054395201330055295201330068595201240081895201180094299900170106000001049220200929162234.0091007s2003 dr 001 0 spa d z9993432192 aDO-SdBNP aPR861.44bM971s1 aMuñoz Miranda, Gerardod1966-92549410aSueños e ilusiones :blibro de poesías /cGerardo Muñoz Miranda. aSanto Domingo, :bLetra Gráfica,c2003. a111 p. ;c22 cm.1 aPoetas de Santa Isabel aIncluye datos biográficos del autor en la solapa de la cubierta 4aPoesía puertoriqueña96539 4aLiteratura puertoriqueña96540 0aPoetas de Santa Isabel925495 aValidado. Control de calidad BNPHU aBNPD 001054708DSaGRbGRcHDd2009-10-07iLF1l0oPR861.44 M971sp10492-30r2020-06-25te. 4w2020-06-25yLFDSZPréstamo en sala 001054708DSaGRbGRcCTd2009-10-07iLF1l0oPR861.44 M971sp10492-40r2020-06-25te. 3w2020-06-25yLFDSZPréstamo en sala 0010718PDaPDbPDcHDd2009-10-07iLF1l0oPR861.44 M971sp10492-10r2020-06-25te. 2w2020-06-25yLFPDZNo se presta 0010718PDaPDbPDcHDd2009-10-07iLF1l0oPR861.44 M971sp10492-20r2020-06-25w2020-06-25yLFPDZNo se presta c10251d10251